Personnalités nées dans l'Hérault par images - Statistiques

Statistiques générales
  • Ce quiz a été pris 116 fois
  • Le résultat moyen est 8 sur 16
Statistiques - réponses
Par images Hint Réponse % Correct
Résistant Jean Moulin
93%
Humoriste Paul Mirabel
86%
Chanteur Georges Brassens
78%
Youtubeur Rémi Gaillard
76%
Pongiste Félix Lebrun
73%
Pongiste Alexis Lebrun
72%
Tennisman Richard Gasquet
56%
Footballeur Téji Savanier
53%
Footballeur Andy Delort
52%
Streamer ZeratoR
43%
Footballeur Vincent Candela
27%
Miss Alexandra Rosenfeld
24%
Sportif (BMX) Anthony Jeanjean
16%
Chanteuse Juliette Gréco
12%
Écrivain et poète Paul Valery
11%
Écrivain est scénariste Jean-Claude Carrière
7%
Aucun quiz correspondant
Distribution des résultats
% des personnes avec chaque résultat
Percentile par nombre de réponses
Votre historique - résultats
Vous n’avez pas pris ce quiz